UM Logo

Beauty in ruins/ (Record no. 6170)

MARC details
000 -LEADER
fixed length control field 00440nam a2200145 4500
008 - FIXED-LENGTH DATA ELEMENTS--GENERAL INFORMATION
fixed length control field 170210b xxu||||| |||| 00| 0 eng d
082 ## - DEWEY DECIMAL CLASSIFICATION NUMBER
Classification number DPer 910.5 T69 Jan-Aug 2015 v. 1-4
100 ## - MAIN ENTRY--PERSONAL NAME
9 (RLIN) 18646
Personal name Otarra, Meriam
245 ## - TITLE STATEMENT
Title Beauty in ruins/
Statement of responsibility, etc. Meriam Otarra.
260 ## - PUBLICATION, DISTRIBUTION, ETC. (IMPRINT)
Place of publication, distribution, etc. Philippines:
Name of publisher, distributor, etc. One Mega Group,
Date of publication, distribution, etc. ©2015.
300 ## - PHYSICAL DESCRIPTION
Extent v1, page 38;
Dimensions 28 cm.
500 ## - GENERAL NOTE
General note Travel Now.
650 #0 - SUBJECT ADDED ENTRY--TOPICAL TERM
9 (RLIN) 18647
Topical term or geographic name as entry element Tourist trade
Geographic subdivision Tacloban
942 ## - ADDED ENTRY ELEMENTS (KOHA)
Source of classification or shelving scheme Dewey Decimal Classification
Koha item type Periodicals
Holdings
Withdrawn status Lost status Source of classification or shelving scheme Damaged status Not for loan Collection code Home library Current library Date acquired Coded location qualifier Total Checkouts Full call number Date last seen Price effective from Koha item type Public note
    Dewey Decimal Classification     Periodicals UM Digos College - LIC UM Digos College - LIC 02/10/2017 Purchased   DPer 910.5 T69 Jan-Aug 2015 v. 1-4 02/10/2017 02/10/2017 Periodicals Periodical article